00874nam a2200181Ia 450000500170000000800410001702000180005808200230007610000400009924500640013926000330020330000120023665000430024894200070029199900190029895201910031795201840050820250329115357.0231217s9999 xx 000 0 und d a9788131411629 a658.827 DAS;2 R1 aDas, Naveen ed. Ray, Kumar Satyaki. 0aCase studies on brand management : how to break the clutter c2007bIcfai BooksaHyderabad avi, 175 astudies,brand,management,break,clutter cAA c189111d189111 r2024-01-26 00:00:00l0o658.827 DAS;2 R1p65925W0v38.00w2024-01-26yAAz659251040708FBA00K1993L25/02/2014aMLbMLcFBLAd2010-09-27eICFAI Pressg38.00EMBAGRSF1V0URupees r2024-01-26 00:00:00l0o658.827 DAS;3p65926W0v38.00w2024-01-26yAAz659261040708CL00K1993L25/02/2014aMLbMLcCLd2010-09-27eICFAI Pressg38.00EMBAGRSF1V0URupees